ARRUPE JESUIT UNIVERSITY

CORONAVIRUS -STOP THE SPREAD - CLEAN,DISINFECT,COVER

The Berkeley student revolt: facts and interpretations, (Record no. 121250)

MARC details
000 -LEADER
fixed length control field 00880cam a22002531 4500
001 - CONTROL NUMBER
control field 279936
003 - CONTROL NUMBER IDENTIFIER
control field ARRUPE
005 - DATE AND TIME OF LATEST TRANSACTION
control field 20141114125327.0
008 - FIXED-LENGTH DATA ELEMENTS--GENERAL INFORMATION
fixed length control field 720121s1965 nyu b 000 0 eng
010 ## - LIBRARY OF CONGRESS CONTROL NUMBER
LC control number 65020058
040 ## - CATALOGING SOURCE
Original cataloging agency DLC
Transcribing agency DLC
Modifying agency DLC
050 00 - LIBRARY OF CONGRESS CALL NUMBER
Classification number LD760
Item number .L5
082 00 - DEWEY DECIMAL CLASSIFICATION NUMBER
Classification number 378.19810979467
300 ## - PHYSICAL DESCRIPTION
Dimensions 19 cm.
100 1# - MAIN ENTRY--PERSONAL NAME
Personal name Lipset, Seymour Martin,
Relator term ed.
9 (RLIN) 12664
245 14 - TITLE STATEMENT
Title The Berkeley student revolt: facts and interpretations,
Statement of responsibility, etc edited by Seymour Martin Lipset and Sheldon S. Wolin.
260 ## - PUBLICATION, DISTRIBUTION, ETC. (IMPRINT)
Place of publication, distribution, etc Garden City, N.Y.,
Name of publisher, distributor, etc Anchor Books,
Date of publication, distribution, etc 1965.
300 ## - PHYSICAL DESCRIPTION
Extent xiv, 585 p.
504 ## - BIBLIOGRAPHY, ETC. NOTE
Bibliography, etc Bibliographical footnotes.
610 20 - SUBJECT ADDED ENTRY--CORPORATE NAME
Corporate name or jurisdiction name as entry element University of California, Berkeley
General subdivision History.
9 (RLIN) 12665
650 #0 - SUBJECT ADDED ENTRY--TOPICAL TERM
Topical term or geographic name as entry element College students
General subdivision Political activity.
9 (RLIN) 12666
700 1# - ADDED ENTRY--PERSONAL NAME
Personal name Wolin, Sheldon S.,
Relator term joint ed.
9 (RLIN) 12667
906 ## - LOCAL DATA ELEMENT F, LDF (RLIN)
a 7
b cbc
c orignew
d u
e ocip
f 19
g y-gencatlg
942 ## - ADDED ENTRY ELEMENTS (KOHA)
Source of classification or shelving scheme Library of Congress Classification
Koha item type Monograph ( Printed materials)
Holdings
Withdrawn status Lost status Source of classification or shelving scheme Damaged status Not for loan Collection code Home library Current library Shelving location Date acquired Total Checkouts Full call number Barcode Date last seen Price effective from Koha item type
    Library of Congress Classification     Main Collection ARRUPE LIBRARY ARRUPE LIBRARY Main Collection 14/11/2014   LD760 .L5 46500003671 29/06/2018 14/11/2014 Monograph ( Printed materials)

 

Arrupe Library. PO Box MP320 Mt Pleasant, Harare, Zimbabwe
263 242 745411|librarian@aju.ac.zw